000 00319 a2200157 4500
001 73746
020 _a8588543133
040 _cAnchieta - Colégio São Paulo
100 _aLara, Alda
240 1 0 _aPoemas
_lpor
245 1 0 _aPoemas
300 _a150
362 0 _a2004
650 4 _aPoesia brasileira
942 _cBK
999 _c73746
_d73746